[Event "North American Youth U20"]
[Site "Mexico City MEX"]
[Date "2022.12.02"]
[Round "2.5"]
[White "Han, Johnathan"]
[Black "Shundi, Matias"]
[Result "1-0"]
[WhiteElo "2179"]
[BlackElo "2046"]
[PlyCount "181"]
[EventDate "2022.12.02"]
[EventType "swiss"]
[EventRounds "9"]
[EventCountry "MEX"]
[Source "Mark Crowther"]
[SourceDate "2022.12.05"]

1. e4 c5 2. Nf3 d6 3. d4 cxd4 4. Nxd4 Nf6 5. Nc3 a6 6. Bg5 e6 7. f4 Be7 8. Qf3
Qc7 9. O-O-O Nbd7 10. f5 Ne5 11. Qh3 O-O 12. Be2 h6 13. Be3 Re8 14. fxe6 fxe6
15. g4 b5 16. a3 Nc4 17. Bxc4 bxc4 18. Qg2 Rb8 19. h4 e5 20. Nf5 Qb7 21. g5
Qxb2+ 22. Kd2 Rb3 23. gxf6 Bxf6 24. Nd5 Bxf5 25. Nxf6+ Kh8 26. Nd5 Rd3+ 27. Ke1
Bxe4 28. Qxe4 Qxc2 29. Rxd3 cxd3 30. Bd2 Rf8 31. Ne3 Qb1+ 32. Nd1 Qb3 33. Rh3
Qxa3 34. Rxd3 Qc5 35. Be3 Qa5+ 36. Ke2 Qa2+ 37. Rd2 Qe6 38. Nf2 Qf6 39. h5 Qf7
40. Qh1 Qc4+ 41. Ke1 Qc1+ 42. Nd1 Qa3 43. Qd5 Qa4 44. Qxd6 Qh4+ 45. Nf2 Qf6 46.
Qxf6 Rxf6 47. Ne4 Rf3 48. Bf2 Rf4 49. Ng3 Rg4 50. Rd6 Kh7 51. Rxa6 g6 52. Rxg6
Rxg6 53. hxg6+ Kxg6 54. Ke2 Kg5 55. Kf3 h5 56. Ne4+ Kf5 57. Bh4 Ke6 58. Ng3 Kd5
59. Ke3 Kd6 60. Ke4 Ke6 61. Nxh5 Kd6 62. Bg3 Kc6 63. Bxe5 Kc5 64. Nf4 Kc6 65.
Kd4 Kb5 66. Nd3 Kc6 67. Nc5 Kb5 68. Kd5 Kb6 69. Nd7+ Kb7 70. Kc5 Ka6 71. Nb6
Kb7 72. Kb5 Ka7 73. Kc6 Ka6 74. Bb8 Ka5 75. Nd5 Ka4 76. Kc5 Kb3 77. Nb4 Kc3 78.
Bf4 Kb3 79. Be5 Ka4 80. Kc4 Ka5 81. Bc7+ Ka4 82. Bb6 Ka3 83. Nd3 Ka4 84. Nb2+
Ka3 85. Kc3 Ka2 86. Kc2 Ka3 87. Bc5+ Ka2 88. Nd3 Ka1 89. Bd6 Ka2 90. Nc1+ Ka1
91. Be5# 1-0

[Event "North American Youth U20"]
[Site "Mexico City MEX"]
[Date "2022.12.03"]
[Round "3.2"]
[White "Garcia de Dios, Jose Antonio"]
[Black "Han, Johnathan"]
[Result "1-0"]
[WhiteElo "2103"]
[BlackElo "2179"]
[PlyCount "123"]
[EventDate "2022.12.02"]
[EventType "swiss"]
[EventRounds "9"]
[EventCountry "MEX"]
[Source "Mark Crowther"]
[SourceDate "2022.12.05"]

1. d4 Nf6 2. c4 e6 3. g3 d5 4. Nf3 Bb4+ 5. Bd2 Be7 6. Bg2 O-O 7. Qc2 c6 8. O-O
Nbd7 9. Bf4 b6 10. Nbd2 Ba6 11. Rfd1 Rc8 12. Rac1 Qe8 13. e4 dxc4 14. Nxc4 Bxc4
15. Qxc4 Nxe4 16. Ne5 Nd6 17. Qa6 Nxe5 18. dxe5 Nf5 19. Qxa7 Bc5 20. a3 Nd4 21.
Qa6 Nb5 22. b4 Bd4 23. a4 Ra8 24. Qb7 Nc3 25. Rd2 Rc8 26. Rdc2 Nd5 27. Bxd5
exd5 28. Rxc6 Rxc6 29. Qxc6 Qe7 30. Qd6 Qb7 31. Rd1 Bc3 32. Qxd5 Qa6 33. e6
Bxb4 34. exf7+ Rxf7 35. Qb3 Qe2 36. Rd8+ Bf8 37. Qd5 Qe7 38. Kg2 h6 39. Rc8 Qf6
40. Rc6 Qf5 41. Qxf5 Rxf5 42. Rc8 Kf7 43. Ra8 Bc5 44. Ra7+ Kg8 45. h4 Rd5 46.
Kf3 Kh7 47. Be3 b5 48. Ra5 Bxe3 49. Kxe3 Re5+ 50. Kf3 Rf5+ 51. Kg2 Rc5 52. Rxb5
Rc2 53. Rb7 Ra2 54. Ra7 Kg6 55. Kf3 h5 56. Ke3 Kf6 57. f3 g6 58. Kf4 Rb2 59.
Ra6+ Kf7 60. Kg5 Rg2 61. g4 hxg4 62. fxg4 1-0

[Event "North American Youth U20"]
[Site "Mexico City MEX"]
[Date "2022.12.03"]
[Round "4.5"]
[White "Han, Johnathan"]
[Black "Taylor Rodriguez, Juan Jos"]
[Result "1-0"]
[WhiteElo "2179"]
[BlackElo "1994"]
[PlyCount "107"]
[EventDate "2022.12.02"]
[EventType "swiss"]
[EventRounds "9"]
[EventCountry "MEX"]
[Source "Mark Crowther"]
[SourceDate "2022.12.05"]

1. e4 e5 2. Nf3 Nc6 3. d4 exd4 4. Nxd4 Nf6 5. Nxc6 bxc6 6. e5 Nd5 7. c4 Nb6 8.
Bd3 d5 9. exd6 cxd6 10. O-O Be6 11. Re1 Be7 12. Qc2 h6 13. Nc3 O-O 14. b3 d5
15. cxd5 cxd5 16. Bb2 Rc8 17. Qe2 Bb4 18. Rec1 Re8 19. Qf3 Qg5 20. Qg3 Qf6 21.
Rc2 Bxc3 22. Rxc3 Rxc3 23. Bxc3 d4 24. Bd2 Nd5 25. Re1 Nc3 26. Qc7 Nxa2 27.
Qxa7 Nc3 28. b4 Rd8 29. Qc5 Nd5 30. Re4 Ra8 31. Qxd4 Bf5 32. Qxd5 Rd8 33. Qxf5
Qxf5 34. Re8+ Rxe8 35. Bxf5 g6 36. Bg4 f5 37. Bf3 g5 38. Kf1 Kf8 39. b5 Ke7 40.
Bc6 Rc8 41. Bb4+ Ke6 42. Bc5 g4 43. b6 Rxc6 44. b7 Rxc5 45. b8=Q Kd5 46. Qb3+
Ke4 47. Qe3+ Kd5 48. Qxh6 Ke4 49. Qe3+ Kd5 50. h3 Rc4 51. hxg4 Rxg4 52. f4 Kd6
53. Qe5+ Kc6 54. Qxf5 1-0

[Event "North American Youth U20"]
[Site "Mexico City MEX"]
[Date "2022.12.04"]
[Round "5.4"]
[White "Montes Orozco, Miguel Angel"]
[Black "Han, Johnathan"]
[Result "1/2-1/2"]
[WhiteElo "2068"]
[BlackElo "2179"]
[PlyCount "69"]
[EventDate "2022.12.02"]
[EventType "swiss"]
[EventRounds "9"]
[EventCountry "MEX"]
[Source "Mark Crowther"]
[SourceDate "2022.12.05"]

1. d4 Nf6 2. c4 e6 3. g3 d5 4. Nf3 dxc4 5. Bg2 a6 6. O-O Nc6 7. Nc3 Rb8 8. e4
Be7 9. d5 Nb4 10. Ne5 exd5 11. exd5 Bf5 12. a3 Nd3 13. Nxc4 Nxc1 14. Rxc1 O-O
15. Re1 Re8 16. Qd4 Bd6 17. Rxe8+ Qxe8 18. Nxd6 cxd6 19. Qf4 Qd7 20. Re1 Bg6
21. h3 h6 22. Kh2 Rc8 23. g4 b5 24. Qe3 Re8 25. Qd2 Rxe1 26. Qxe1 Qa7 27. Qd2
Qe7 28. f4 Nd7 29. f5 Bh7 30. Ne4 Nf6 31. Qc3 Nxe4 32. Qc8+ Qf8 33. Qxf8+ Kxf8
34. Bxe4 g5 35. h4 1/2-1/2

[Event "North American Youth U20"]
[Site "Mexico City MEX"]
[Date "2022.12.04"]
[Round "6.5"]
[White "Han, Johnathan"]
[Black "Diaz Gonzalez Jardon, Emmanuel"]
[Result "1/2-1/2"]
[WhiteElo "2179"]
[BlackElo "1819"]
[PlyCount "114"]
[EventDate "2022.12.02"]
[EventType "swiss"]
[EventRounds "9"]
[EventCountry "MEX"]
[Source "Mark Crowther"]
[SourceDate "2022.12.05"]

1. e4 e6 2. d4 d5 3. e5 c5 4. c3 Nc6 5. Nf3 Qb6 6. a3 cxd4 7. cxd4 Nge7 8. b4
Nf5 9. Be3 Nxe3 10. fxe3 Bd7 11. Bd3 Be7 12. O-O Rc8 13. Nbd2 O-O 14. Nb3 f6
15. Nc5 Qc7 16. exf6 Bxf6 17. Rc1 b6 18. Nxd7 Qxd7 19. Qa4 Ne5 20. Qxd7 Nxd7
21. Ba6 Rxc1 22. Rxc1 Rf7 23. Kf2 g5 24. Ke2 g4 25. Ne1 Kg7 26. Nd3 e5 27. dxe5
Nxe5 28. Nf4 Rd7 29. Rd1 Ng6 30. Nxd5 Bb2 31. a4 Be5 32. g3 h5 33. e4 h4 34.
Rd3 Rd8 35. Ne3 Rxd3 36. Kxd3 hxg3 37. hxg3 Ne7 38. Nxg4 Bxg3 39. Kc4 Kf7 40.
Kb5 Ke6 41. Bb7 Be1 42. Ne3 Kd6 43. Nc2 Bf2 44. Ka6 Kc7 45. b5 Kb8 46. Nb4 Bc5
47. Nd3 Bd4 48. Nf4 Be3 49. Ne6 Ng6 50. Bd5 Ne5 51. Nd8 Bd4 52. a5 bxa5 53.
Nc6+ Nxc6 54. bxc6 a4 55. Kb5 a3 56. Kb4 Bb2 57. e5 Bxe5 1/2-1/2

[Event "Charlotte Holiday op"]
[Site "Charlotte USA"]
[Date "2021.12.27"]
[Round "2.16"]
[White "Han, Johnathan"]
[Black "Tsolakidou, Stavroula"]
[Result "0-1"]
[WhiteElo "1968"]
[BlackElo "2379"]
[PlyCount "58"]
[EventDate "2021.12.26"]
[EventType "swiss"]
[EventRounds "9"]
[EventCountry "USA"]
[Source "ChessMix"]
[SourceDate "2022.01.01"]

1. e4 {[%emt 0:00:24]} e5 {[%emt 0:04:29]} 2. Nf3 {[%emt 0:00:12]} Nc6 {
[%emt 0:00:06]} 3. d4 {[%emt 0:00:10]} exd4 {[%emt 0:00:12]} 4. Nxd4 {
[%emt 0:00:07]} Bc5 {[%emt 0:00:17]} 5. Nxc6 {[%emt 0:00:26]} bxc6 {
[%emt 0:05:07]} 6. Bd3 {[%emt 0:00:21]} Ne7 {[%emt 0:07:33]} 7. Nd2 {
[%emt 0:01:51]} Ng6 {[%emt 0:12:26]} 8. Nb3 {[%emt 0:02:33]} Be7 {
[%emt 0:05:19]} 9. O-O {[%emt 0:03:17]} c5 {[%emt 0:01:48]} 10. f4 {
[%emt 0:11:37]} O-O {[%emt 0:00:31]} 11. Kh1 {[%emt 0:05:53]} d6 {
[%emt 0:02:05]} 12. e5 {[%emt 0:19:17]} f5 {[%emt 0:19:38]} 13. Bc4+ {
[%emt 0:03:36]} Kh8 {[%emt 0:04:20]} 14. Bd5 {[%emt 0:00:12]} Ba6 {
[%emt 0:06:11]} 15. Re1 {[%emt 0:02:09]} dxe5 {[%emt 0:00:21]} 16. Bxa8 {
[%emt 0:01:44]} Qxa8 {[%emt 0:00:40]} 17. Qf3 {[%emt 0:11:12]} Bb7 {
[%emt 0:00:42]} 18. Qh3 {[%emt 0:06:50]} Nh4 {[%emt 0:01:21]} 19. Re2 {
[%emt 0:00:30]} Nxg2 {[%emt 0:01:30]} 20. Kg1 {[%emt 0:06:32]} Rf6 {
[%emt 0:00:35]} 21. Rxe5 {[%emt 0:04:04]} Rg6 {[%emt 0:01:57]} 22. Kf2 {
[%emt 0:00:29]} Bd6 {[%emt 0:07:06]} 23. Bd2 {[%emt 0:06:35]} Bxe5 {
[%emt 0:00:25]} 24. fxe5 {[%emt 0:00:06]} Qd8 {[%emt 0:00:16]} 25. Be3 {
[%emt 0:06:52]} Nxe3 {[%emt 0:03:26]} 26. Kxe3 {[%emt 0:00:09]} f4+ {
[%emt 0:00:27]} 27. Kf2 {[%emt 0:01:48]} Rg2+ {[%emt 0:00:05]} 28. Kf1 {
[%emt 0:00:13]} Qd5 {[%emt 0:00:13]} 29. Qd3 {[%emt 0:03:13]} Rg1+ {
[%emt 0:00:09]} 0-1

[Event "Charlotte Holiday op"]
[Site "Charlotte USA"]
[Date "2021.12.28"]
[Round "5.20"]
[White "Moon, Benjamin"]
[Black "Han, Johnathan"]
[Result "1/2-1/2"]
[WhiteElo "2240"]
[BlackElo "1968"]
[PlyCount "88"]
[EventDate "2021.12.26"]
[EventType "swiss"]
[EventRounds "9"]
[EventCountry "USA"]
[Source "ChessMix"]
[SourceDate "2022.01.01"]

1. d4 {[%emt 0:00:01]} Nf6 {[%emt 0:00:11]} 2. Bf4 {[%emt 0:00:16]} g6 {
[%emt 0:00:18]} 3. Nf3 {[%emt 0:00:04]} Bg7 {[%emt 0:00:13]} 4. e3 {
[%emt 0:00:03]} O-O {[%emt 0:00:13]} 5. h3 {[%emt 0:00:04]} d6 {[%emt 0:00:10]}
6. c3 {[%emt 0:00:05]} c5 {[%emt 0:00:38]} 7. dxc5 {[%emt 0:03:52]} dxc5 {
[%emt 0:00:41]} 8. Nbd2 {[%emt 0:00:52]} b6 {[%emt 0:03:52]} 9. Qc2 {
[%emt 0:00:42]} Bb7 {[%emt 0:01:37]} 10. Rd1 {[%emt 0:01:04]} Qc8 {
[%emt 0:02:52]} 11. Be2 {[%emt 0:00:21]} Nc6 {[%emt 0:01:10]} 12. O-O {
[%emt 0:00:56]} Rd8 {[%emt 0:01:19]} 13. e4 {[%emt 0:12:33]} Nd7 {
[%emt 0:24:39]} 14. Bg3 {[%emt 0:03:12]} Nde5 {[%emt 0:04:56]} 15. Nxe5 {
[%emt 0:07:27]} Nxe5 {[%emt 0:00:08]} 16. f4 {[%emt 0:04:58]} Nc6 {
[%emt 0:00:54]} 17. e5 {[%emt 0:12:45]} Ba6 {[%emt 0:06:50]} 18. Nc4 {
[%emt 0:18:52]} Qc7 {[%emt 0:10:02]} 19. Ne3 {[%emt 0:14:18]} Bxe2 {
[%emt 0:00:20]} 20. Qxe2 {[%emt 0:00:03]} Rxd1 {[%emt 0:07:22]} 21. Rxd1 {
[%emt 0:00:02]} Rd8 {[%emt 0:01:10]} 22. Nd5 {[%emt 0:00:02]} Qb7 {
[%emt 0:02:05]} 23. Bh4 {[%emt 0:01:32]} Nd4 {[%emt 0:10:03]} 24. cxd4 {
[%emt 0:09:47]} Qxd5 {[%emt 0:06:42]} 25. Bxe7 {[%emt 0:00:09]} Rd7 {
[%emt 0:00:08]} 26. Bd6 {[%emt 0:00:12]} cxd4 {[%emt 0:00:32]} 27. Qf3 {
[%emt 0:05:17]} Qxf3 {[%emt 0:01:33]} 28. gxf3 f6 {[%emt 0:03:56]} 29. Rxd4 {
[%emt 0:00:16]} fxe5 {[%emt 0:00:11]} 30. fxe5 {[%emt 0:00:12]} Bf8 {
[%emt 0:00:56]} 31. Kf2 {[%emt 0:02:12]} Bxd6 {[%emt 0:00:33]} 32. exd6 {
[%emt 0:02:52]} Kf7 {[%emt 0:00:07]} 33. Kg3 {[%emt 0:00:13]} Kf6 {
[%emt 0:03:42]} 34. Kg4 {[%emt 0:00:31]} h6 {[%emt 0:00:12]} 35. f4 {
[%emt 0:00:47]} h5+ {[%emt 0:05:17]} 36. Kh4 {[%emt 0:00:25]} Kf5 {
[%emt 0:00:25]} 37. b3 {[%emt 0:00:12]} a6 {[%emt 0:00:40]} 38. a3 {
[%emt 0:00:06]} a5 {[%emt 0:00:15]} 39. a4 {[%emt 0:00:18]} Kf6 {[%emt 0:00:16]
} 40. Rd5 {[%emt 0:02:00]} Ke6 {[%emt 0:00:03]} 41. Rg5 {[%emt 0:00:05]} Kf6 {
[%emt 0:00:07]} 42. Rd5 {[%emt 0:00:39]} Ke6 {[%emt 0:00:06]} 43. Rg5 {
[%emt 0:00:02]} Kf6 {[%emt 0:00:06]} 44. Rd5 {[%emt 0:01:03]} Ke6 {
[%emt 0:00:29]} 1/2-1/2

[Event "Charlotte Holiday op"]
[Site "Charlotte USA"]
[Date "2021.12.30"]
[Round "9.20"]
[White "Gutla, Aryan"]
[Black "Han, Johnathan"]
[Result "0-1"]
[WhiteElo "2032"]
[BlackElo "1968"]
[PlyCount "60"]
[EventDate "2021.12.26"]
[EventType "swiss"]
[EventRounds "9"]
[EventCountry "USA"]
[Source "ChessMix"]
[SourceDate "2022.01.01"]

1. e4 c5 {[%emt 0:00:10]} 2. Nf3 {[%emt 0:00:03]} d6 {[%emt 0:00:04]} 3. d4 {
[%emt 0:00:07]} cxd4 {[%emt 0:00:05]} 4. Nxd4 {[%emt 0:00:02]} Nf6 {
[%emt 0:00:07]} 5. Nc3 {[%emt 0:00:02]} a6 {[%emt 0:00:06]} 6. h3 {
[%emt 0:00:09]} e6 {[%emt 0:03:24]} 7. g4 {[%emt 0:00:07]} b5 {[%emt 0:00:39]}
8. Bg2 {[%emt 0:00:22]} Bb7 {[%emt 0:00:09]} 9. a3 {[%emt 0:01:02]} Be7 {
[%emt 0:00:20]} 10. g5 {[%emt 0:00:47]} Nfd7 {[%emt 0:00:06]} 11. Be3 {
[%emt 0:00:16]} Qc7 {[%emt 0:06:29]} 12. Qh5 {[%emt 0:05:33]} O-O {
[%emt 0:01:21]} 13. h4 {[%emt 0:00:59]} Nc6 {[%emt 0:04:26]} 14. Qe2 {
[%emt 0:07:46]} Rac8 {[%emt 0:12:07]} 15. Nxc6 {[%emt 0:09:30]} Bxc6 {
[%emt 0:00:35]} 16. h5 {[%emt 0:00:05]} Qb7 {[%emt 0:05:03]} 17. g6 {
[%emt 0:02:50]} Bf6 {[%emt 0:01:06]} 18. gxf7+ {[%emt 0:06:06]} Rxf7 {
[%emt 0:01:16]} 19. Bd2 {[%emt 0:01:07]} Ne5 {[%emt 0:03:04]} 20. Bh3 {
[%emt 0:02:20]} Re8 {[%emt 0:01:42]} 21. O-O-O {[%emt 0:01:33]} Nc4 {
[%emt 0:00:44]} 22. Be1 {[%emt 0:01:02]} Be5 {[%emt 0:13:33]} 23. Rg1 {
[%emt 0:01:33]} Nxb2 {[%emt 0:01:24]} 24. Kxb2 {[%emt 0:02:56]} b4 {
[%emt 0:00:07]} 25. Ka2 {[%emt 0:01:26]} bxc3 {[%emt 0:00:30]} 26. Rb1 {
[%emt 0:00:08]} Bb5 {[%emt 0:02:12]} 27. Qe3 {[%emt 0:00:28]} Qc7 {
[%emt 0:00:32]} 28. Ka1 {[%emt 0:01:09]} Qa5 {[%emt 0:02:17]} 29. Rb3 {
[%emt 0:00:07]} Bc4 {[%emt 0:01:07]} 30. Bxc3 {[%emt 0:00:15]} Bxb3 {
[%emt 0:00:08]} 0-1

[Event "Americas-ch U12 Online"]
[Site "Tornelo INT"]
[Date "2020.12.02"]
[Round "1.10"]
[White "Han, Johnathan"]
[Black "Cossio Carvajal, Bruno"]
[Result "1-0"]
[WhiteElo "1805"]
[BlackElo "1199"]
[PlyCount "35"]
[EventDate "2020.12.02"]
[EventType "swiss"]
[EventRounds "7"]
[EventCountry "NET"]

1. e4 e5 2. Nf3 Nc6 3. d4 exd4 4. Nxd4 Nxd4 5. Qxd4 Nf6 6. e5 Qe7 7. Be2 Ng8 8.
O-O d6 9. Bf4 Be6 10. exd6 cxd6 11. Nc3 Nf6 12. Bb5+ Kd8 13. Rad1 Kc7 14. Be2
a6 15. Bf3 Rd8 16. Rfe1 Qd7 17. Qb4 Be7 18. Qxb7# 1-0

[Event "Americas-ch U12 Online"]
[Site "Tornelo INT"]
[Date "2020.12.02"]
[Round "2.1"]
[White "Mardov, Dimitar"]
[Black "Han, Johnathan"]
[Result "1-0"]
[WhiteElo "2265"]
[BlackElo "1805"]
[PlyCount "115"]
[EventDate "2020.12.02"]
[EventType "swiss"]
[EventRounds "7"]
[EventCountry "NET"]

1. e4 c5 2. Nf3 d6 3. d4 cxd4 4. Nxd4 Nf6 5. Nc3 a6 6. h3 e6 7. g4 Be7 8. Bg2
Qc7 9. O-O Nc6 10. Nce2 O-O 11. b3 Nxd4 12. Nxd4 Rd8 13. Re1 d5 14. e5 Nd7 15.
Bb2 Nf8 16. Qd2 Bd7 17. Rac1 Rac8 18. f4 Be8 19. f5 Bc5 20. Kh1 b5 21. f6 Ng6
22. fxg7 Be7 23. Nf3 Kxg7 24. Rf1 d4 25. Bxd4 Bc6 26. Qe3 Rf8 27. c3 Qb7 28.
Rf2 Bd5 29. Rcf1 Bd8 30. Kg1 Qe7 31. Ne1 Bxg2 32. Nxg2 Qg5 33. Qe4 Rc7 34. Be3
Qe7 35. Rf6 Qd7 36. h4 Qc6 37. Qb1 Bxf6 38. exf6+ Kh8 39. h5 Ne5 40. Bh6 Rg8
41. Bg7+ Rxg7 42. fxg7+ Kxg7 43. Qc1 Qc5+ 44. Kh1 Nxg4 45. h6+ Nxh6 46. Qf4 Nf5
47. Qg5+ Kf8 48. Qd8+ Kg7 49. Rf4 Qe7 50. Rg4+ Kh6 51. Qd2+ Kh5 52. Qe2 Kh6 53.
Nf4 Nh4 54. Qh2 Rxc3 55. Rxh4+ Kg7 56. Rxh7+ Kf6 57. Qh4+ Ke5 58. Qxe7 1-0

[Event "Americas-ch U12 Online"]
[Site "Tornelo INT"]
[Date "2020.12.02"]
[Round "3.7"]
[White "Han, Johnathan"]
[Black "Lopez Escobar, Daniel Alejandro"]
[Result "1-0"]
[WhiteElo "1805"]
[BlackElo "1354"]
[PlyCount "61"]
[EventDate "2020.12.02"]
[EventType "swiss"]
[EventRounds "7"]
[EventCountry "NET"]

1. e4 c5 2. Nf3 d6 3. d4 cxd4 4. Nxd4 Nf6 5. Nc3 a6 6. Bg5 e6 7. f4 Nbd7 8. Qe2
Qc7 9. O-O-O Be7 10. g4 O-O 11. Bxf6 Nxf6 12. g5 Nd7 13. h4 Nc5 14. f5 e5 15.
Nd5 Qd8 16. Nb3 f6 17. Nxc5 dxc5 18. Nxf6+ Bxf6 19. Rxd8 Bxd8 20. Qh5 Bd7 21.
Bc4+ Kh8 22. f6 gxf6 23. g6 Rf7 24. Bxf7 Kg7 25. Qxh7+ Kf8 26. g7+ Ke7 27. g8=Q
Kd6 28. Rd1+ Kc7 29. Rxd7+ Kxd7 30. Bd5+ Kc8 31. Qxb7# 1-0

[Event "Americas-ch U12 Online"]
[Site "Tornelo INT"]
[Date "2020.12.02"]
[Round "4.4"]
[White "Pothuri, Abhiram"]
[Black "Han, Johnathan"]
[Result "0-1"]
[WhiteElo "2109"]
[BlackElo "1805"]
[PlyCount "102"]
[EventDate "2020.12.02"]
[EventType "swiss"]
[EventRounds "7"]
[EventCountry "NET"]

1. e4 c5 2. Nf3 d6 3. d4 cxd4 4. Nxd4 Nf6 5. Nc3 a6 6. Bg5 e6 7. f4 Be7 8. Qf3
Qc7 9. O-O-O Nbd7 10. g4 h6 11. Bxf6 Bxf6 12. Kb1 Qb6 13. Nb3 Be7 14. h4 Nc5
15. g5 Bd7 16. g6 fxg6 17. Qg4 O-O-O 18. Qxg6 Bf6 19. e5 dxe5 20. Nxc5 Qxc5 21.
Ne4 Bc6 22. Bg2 Qe7 23. Nxf6 Bxg2 24. Qxg2 Qxf6 25. fxe5 Qxe5 26. Rde1 Qd4 27.
a3 Rhe8 28. Qg6 Qf6 29. Rhg1 Qxg6 30. Rxg6 Re7 31. Rexe6 Rxe6 32. Rxe6 Rd4 33.
Rg6 Rxh4 34. Rxg7 Rh1+ 35. Ka2 h5 36. Rh7 h4 37. Kb3 h3 38. a4 b6 39. Ka2 Kd8
40. b4 b5 41. axb5 axb5 42. Kb2 Ke8 43. Ka2 Kf8 44. c4 bxc4 45. b5 c3 46. b6 c2
47. b7 Rb1 48. Rc7 Rxb7 49. Rxc2 Rg7 50. Rh2 Rg2+ 51. Rxg2 hxg2 0-1

[Event "Americas-ch U12 Online"]
[Site "Tornelo INT"]
[Date "2020.12.02"]
[Round "6.2"]
[White "Ngo, Bach"]
[Black "Han, Johnathan"]
[Result "1-0"]
[WhiteElo "2060"]
[BlackElo "1805"]
[PlyCount "147"]
[EventDate "2020.12.02"]
[EventType "swiss"]
[EventRounds "7"]
[EventCountry "NET"]

1. d4 Nf6 2. Nf3 g6 3. Nc3 d5 4. Bf4 Bg7 5. e3 O-O 6. Be2 c5 7. dxc5 Qa5 8. Nd2
Qxc5 9. Nb3 Qb6 10. Nb5 Na6 11. Be5 Bf5 12. O-O Qe6 13. Bc3 Qd7 14. a4 b6 15.
N3d4 Nc5 16. Nxf5 Qxf5 17. a5 e5 18. b4 Nce4 19. Bb2 Rad8 20. Nxa7 bxa5 21.
bxa5 Qe6 22. Nb5 Nc5 23. Qe1 Rb8 24. Ba3 Rfc8 25. Rb1 Nfd7 26. Qb4 Bf8 27. Qb2
Na4 28. Qb3 Nc3 29. Nxc3 Rxb3 30. Rxb3 Bxa3 31. Rxa3 d4 32. Nb5 dxe3 33. fxe3
Nc5 34. a6 Nxa6 35. Na7 Rxc2 36. Rxa6 Qd5 37. Rf2 Kg7 38. Ra1 Qc5 39. Nb5 Qxe3
40. Re1 Qd2 41. Ref1 Qe3 42. Re1 Qc5 43. Kf1 Qe3 44. Nd6 f5 45. Rxf5 Qd4 46.
Rf7+ Kg8 47. Rf6 Rc6 48. Rd1 Qh4 49. Rf2 Qxh2 50. Bc4+ Rxc4 51. Nxc4 Qh1+ 52.
Ke2 Qh5+ 53. Ke1 Qg4 54. Ne3 Qe4 55. Ke2 Kg7 56. Rd7+ Kh6 57. Rff7 Qc6 58.
Rxh7+ Kg5 59. Rd2 Qa6+ 60. Kf2 Qf6+ 61. Ke1 Qf4 62. Rh3 Qb4 63. Ke2 Qb5+ 64.
Kf2 Qc5 65. Rg3+ Kf6 66. Rf3+ Kg5 67. Ke2 Qb5+ 68. Ke1 Qb1+ 69. Kf2 Qb6 70. Rd5
Qb2+ 71. Kg3 Kh5 72. Ng4 g5 73. Rd6 e4 74. Rh6# 1-0

[Event "Americas-ch U12 Online"]
[Site "Tornelo INT"]
[Date "2020.12.02"]
[Round "7.4"]
[White "Han, Johnathan"]
[Black "Garzon Zapatanga, Christopher Leonel"]
[Result "0-1"]
[WhiteElo "1805"]
[BlackElo "1697"]
[PlyCount "78"]
[EventDate "2020.12.02"]
[EventType "swiss"]
[EventRounds "7"]
[EventCountry "NET"]

1. e4 c5 2. Nf3 d6 3. d4 cxd4 4. Nxd4 Nf6 5. Nc3 g6 6. Be3 Bg7 7. f3 O-O 8. Qd2
Nc6 9. Bc4 Bd7 10. O-O-O Rc8 11. Bb3 Nxd4 12. Bxd4 b5 13. g4 a5 14. a3 b4 15.
axb4 axb4 16. Nb1 Qa5 17. h4 Ba4 18. Qe3 Rc6 19. Rh2 Rfc8 20. Bxa4 Qxa4 21. b3
Qa2 22. Qd3 Nxg4 23. Bxg7 Nxh2 24. Bb2 Rxc2+ 25. Qxc2 Rxc2+ 26. Kxc2 Qa6 27.
Nd2 f6 28. Re1 Qb5 29. Bd4 Qh5 30. Re3 Qxh4 31. Re2 Qg3 32. Re3 h5 33. Kd1 h4
34. Ke2 h3 35. f4 Qg2+ 36. Kd3 Nf1 37. Re2 Qg3+ 38. Kc2 Nxd2 39. Kxd2 h2 0-1

[Event "CAN-ch U12 Online"]
[Site "chess.com"]
[Date "2020.11.08"]
[Round "1.39"]
[White "Huang, Winston"]
[Black "Han, Johnathan"]
[Result "0-1"]
[WhiteElo "1150"]
[BlackElo "2094"]
[PlyCount "94"]
[EventDate "2020.11.08"]
[EventType "swiss (rapid)"]
[EventRounds "6"]
[EventCountry "CAN"]

1. d4 Nf6 2. c4 g6 3. Nc3 Bg7 4. Nf3 O-O 5. Bg5 d6 6. e4 h6 7. Bh4 c5 8. d5 e6
9. Be2 Qb6 10. Rb1 exd5 11. cxd5 Re8 12. Bd3 Bg4 13. O-O Nbd7 14. h3 Bxf3 15.
Qxf3 Ne5 16. Qe3 a6 17. f4 Nxd3 18. Qxd3 c4+ 19. Bf2 Qxf2+ 20. Rxf2 cxd3 21.
Rd1 Nxe4 22. Nxe4 Rxe4 23. Rxd3 Bd4 24. Kf1 Bxf2 25. Kxf2 Rc8 26. Kf3 f5 27. g4
Rc2 28. Rb3 b5 29. h4 h5 30. g5 Kf7 31. a4 Rxa4 32. Re3 Rd4 33. Re6 Rd3+ 34.
Re3 Rxe3+ 35. Kxe3 a5 36. Kd3 Rc7 37. Kd4 b4 38. Kd3 a4 39. Kd2 a3 40. bxa3
bxa3 41. Kd3 a2 42. Kd4 a1=Q+ 43. Kd3 Qd1+ 44. Ke3 Rc3+ 45. Kf2 Rf3+ 46. Kg2
Qf1+ 47. Kh2 Rh3# 0-1

[Event "CAN-ch U12 Online"]
[Site "chess.com"]
[Date "2020.11.08"]
[Round "6.40"]
[White "Yang, Jingyun (Ryan)"]
[Black "Han, Johnathan"]
[Result "0-1"]
[WhiteElo "1584"]
[BlackElo "2094"]
[PlyCount "106"]
[EventDate "2020.11.08"]
[EventType "swiss (rapid)"]
[EventRounds "6"]
[EventCountry "CAN"]

1. g3 g6 2. Bg2 Bg7 3. Nf3 Nf6 4. O-O O-O 5. d4 d6 6. c4 Nc6 7. Nc3 a6 8. e4
Bg4 9. h3 Bxf3 10. Bxf3 e5 11. d5 Nd4 12. Bg2 c5 13. f4 Nd7 14. Rb1 b5 15. b3
Rb8 16. Be3 bxc4 17. bxc4 Rxb1 18. Nxb1 Qa5 19. Nd2 Rb8 20. Qg4 Nf8 21. fxe5
Bxe5 22. Nf3 h5 23. Qg5 Nh7 24. Qe7 Nxf3+ 25. Rxf3 Rf8 26. Bh6 Qe1+ 27. Rf1
Qxg3 28. Bxf8 Qh2+ 29. Kf2 Nxf8 30. Ke3 Qg3+ 31. Bf3 Nh7 32. h4 Nf6 33. Ke2 Kg7
34. a4 Qxh4 35. Qb7 Qh2+ 36. Rf2 Qg1 37. Qxa6 Bd4 38. Rf1 Qe3+ 39. Kd1 Qd3+ 40.
Ke1 Bc3+ 41. Kf2 Nxe4+ 42. Bxe4 Qxe4 43. Qxd6 Bd4+ 44. Kg3 Be5+ 45. Qxe5+ Qxe5+
46. Kg2 Qe4+ 47. Rf3 g5 48. d6 g4 49. d7 Qxf3+ 50. Kh2 g3+ 51. Kh3 g2+ 52. Kh2
Qf1 53. d8=Q g1=Q# 0-1

[Event "RA March op"]
[Site "Ottawa CAN"]
[Date "2020.02.28"]
[Round "1"]
[White "Han, Johnathan"]
[Black "Ning, Alwin"]
[Result "1-0"]
[WhiteElo "2133"]
[BlackElo "1882"]
[PlyCount "77"]
[EventDate "2020.02.28"]
[EventType "swiss"]
[EventRounds "5"]
[EventCountry "CAN"]

1. e4 c5 2. Nf3 Nc6 3. d4 cxd4 4. Nxd4 e5 5. Nb5 d6 6. N1c3 a6 7. Na3 b5 8. Nd5
Be7 9. c4 b4 10. Nc2 Nf6 11. Bd3 O-O 12. Ncxb4 Nxb4 13. Nxb4 Qb6 14. Nd5 Nxd5
15. cxd5 f5 16. O-O f4 17. Be2 Kh8 18. Rb1 Bd7 19. Bd2 Rf6 20. Bc3 Raf8 21. Bg4
Bxg4 22. Qxg4 f3 23. g3 Qd8 24. Bd2 Rg6 25. Qh5 Bg5 26. Bxg5 Rxg5 27. Qh4 h6
28. Kh1 Qe8 29. Rfc1 Qg6 30. Rc7 Rg8 31. Rbc1 Rh5 32. Qe7 Qxe4 33. Qxd6 Qd4 34.
Qc5 Qxb2 35. d6 e4 36. Qxh5 Qxf2 37. R7c2 Qe3 38. d7 f2 39. Qe2 1-0

[Event "RA March op"]
[Site "Ottawa CAN"]
[Date "2020.02.29"]
[Round "2"]
[White "Sambuev, Bator"]
[Black "Han, Johnathan"]
[Result "1-0"]
[WhiteElo "2579"]
[BlackElo "2133"]
[PlyCount "45"]
[EventDate "2020.02.28"]
[EventType "swiss"]
[EventRounds "5"]
[EventCountry "CAN"]

1. Nf3 Nf6 2. c4 e6 3. Nc3 d5 4. d4 Be7 5. Bg5 Nbd7 6. e3 O-O 7. Rc1 c6 8. Bd3
dxc4 9. Bxc4 b5 10. Bd3 Bb7 11. O-O a6 12. Bxf6 Nxf6 13. Ne4 Nd7 14. Qc2 Qc7
15. Neg5 h6 16. Bh7+ Kh8 17. Bg8 Nf6 18. Bxf7 hxg5 19. Ne5 Rxf7 20. Nxf7+ Kg8
21. Nxg5 e5 22. Qb3+ Nd5 23. Qxd5+ 1-0